Flugzeugflotten Teil 35-Air China - Statistiken

Allgemein
  • Dieses Quiz wurde 13 mal gespielt
  • Das Durchschnittsergebnis liegt bei 13 aus 17
Antwortstatistiken
Anzahl Flugzeugtyp % Korrekt
19 Airbus A330-200
90%
28 Airbus A330-300
90%
30 Airbus A350-900
90%
87 Boeing 737-800
90%
28 Boeing 777-300ER
90%
14 Boeing 787-9
90%
27 Airbus A319-100
80%
38 Airbus A320-200
80%
53 Airbus A320neo
80%
61 Airbus A321-200
80%
30 Airbus A321neo
80%
23 Boeing 737 MAX 8
80%
18 Boeing 737-700
70%
2 Boeing 747-400
70%
7 Boeing 747-8i
60%
2 Comac C919
50%
31 Comac C909-700
10%
Keine übereinstimmenden Quizze gefunden
Verteilung der Resultate
Anzahl Personen mit jedem Resultat
Perzentil nach korrekt beantworteten Fragen
Ihre Resultats-Entwicklung
Sie haben dieses Quiz noch nicht gespielt